Housing and Regeneration Act 2008 (Record no. 108530)
[ view plain ]
| 000 -LEADER | |
|---|---|
| fixed length control field | 01436cad a22002295a 4500 |
| 001 - CONTROL NUMBER | |
| control field | L144523 |
| 008 - FIXED-LENGTH DATA ELEMENTS--GENERAL INFORMATION | |
| fixed length control field | 080725e20080722xxk f lf000 0 eng d |
| 035 ## - SYSTEM CONTROL NUMBER | |
| System control number | (Sirsi) u144523 |
| 041 0# - LANGUAGE CODE | |
| Language code of text/sound track or separate title | eng |
| 050 04 - LIBRARY OF CONGRESS CALL NUMBER | |
| Classification number | 306.1 $2 18 |
| 110 2# - MAIN ENTRY--CORPORATE NAME | |
| Corporate name or jurisdiction name as entry element | United Kingdom |
| Form subheading | Laws, etc |
| 9 (RLIN) | 5044 |
| 245 00 - TITLE STATEMENT | |
| Title | Housing and Regeneration Act 2008 |
| Medium | [electronic resource] |
| 260 ## - PUBLICATION, DISTRIBUTION, ETC. | |
| Place of publication, distribution, etc. | London |
| Name of publisher, distributor, etc. | OPSI |
| Date of publication, distribution, etc. | 2008 |
| 520 ## - SUMMARY, ETC. | |
| Summary, etc. | Act establishes the Homes and Communities Agency. Also abolishes the Urban Regeneration Agency and the Commission for the New Towns and makes provision in connection with their abolition, including: the regulation of social housing; the abolition of the Housing Corporation; provision for sustainability certificates, landlord and tenant matters, building regulations and mobile homes and for housing and connected purposes. The following provisions come into force on 22 August 2008: sections 294, 304 to 307, 310, 312, 313 and 319 and Schedule 13, and section 321(1), and Schedule 16, so far as relating to the repeals in sections 125D(2), 128(2) and 136(2) of, and paragraph 13(5) of Schedule 5 to, the Housing Act 1985 (c. 68). |
| 521 ## - TARGET AUDIENCE NOTE | |
| Target audience note | Advanced |
| 590 ## - LOCAL NOTE (RLIN) | |
| Local note | KA NTK |
| 650 24 - SUBJECT ADDED ENTRY--TOPICAL TERM | |
| Topical term or geographic name entry element | HOUSING AND REGENERATION ACT 2008 |
| 651 #4 - SUBJECT ADDED ENTRY--GEOGRAPHIC NAME | |
| Geographic name | England and Wales |
| Chronological subdivision | 1543- |
| 690 ## - LOCAL SUBJECT ADDED ENTRY--TOPICAL TERM (OCLC, RLIN) | |
| Topical term or geographic name as entry element | PROPERTY-PROPERTY MANAGEMENT-REGENERATION |
| 856 40 - ELECTRONIC LOCATION AND ACCESS | |
| Uniform Resource Identifier | <a href="https://www.opsi.gov.uk/acts/acts2008a">https://www.opsi.gov.uk/acts/acts2008a</a> |
| Public note | View the item free of charge at www.opsi.gov.uk... |
| 942 ## - ADDED ENTRY ELEMENTS (KOHA) | |
| Suppress in OPAC | 0 |
| Withdrawn status | Lost status | Source of classification or shelving scheme | Damaged status | Not for loan | Home library | Current library | Shelving location | Date acquired | Total Checkouts | Full call number | Barcode | Date last seen | Copy number | Price effective from | Koha item type |
|---|---|---|---|---|---|---|---|---|---|---|---|---|---|---|---|
| Dewey Decimal Classification | Virtual | Virtual | Online | 25/07/2008 | ONLINE PUBLICATION | 144523-1001 | 06/08/2019 | 1 | 06/08/2019 | Book |